| 000 | 01783nam a2200373 4500 | ||
|---|---|---|---|
| 001 | 59432 | ||
| 003 | CO-BoRNBP | ||
| 005 | 20251009223656.0 | ||
| 007 | ta | ||
| 008 | 250201s2024 ck a|||ar|||| 00| 1dspa d | ||
| 020 | _a9786289629019 | ||
| 040 |
_aCO-BoRNBP _bspa _erda _cCO-BoRNBP |
||
| 041 | 0 | _aspa | |
| 043 | _as-ck--- | ||
| 084 | _aA | ||
| 100 |
_aValencia Vivas, Silvia Andrea _d1884- _eaut _965566 |
||
| 245 | 1 | 0 |
_aBichazo / _cSilvia Andrea Valencia Vivas ; ilustrado por John Varón. |
| 250 | _aEdición especial | ||
| 264 | 1 |
_aCali, Colombia : _bLa Madriguera del Conejo, _c2024 |
|
| 300 |
_a60 páginas sin numerar : _bilustraciones a color |
||
| 336 |
_atexto _btxt _2rdacontenido |
||
| 337 |
_asin mediación _bn _2rdamedio |
||
| 338 |
_avolumen _bnc _2rdasoporte |
||
| 520 | _aEn este libro hay un sueño inquietante donde un niño y un ser desconocido se encuentra por primera vez. ¿Qué harías en esa situación? ¿Qué dirías? ¿Qué dicen de ti los otros? ¿Somos lo que nos dicen los demás? Lee y juega con nosotros para averiguarlo. Un libro con una gran participación del lector donde la invitación a interactuar es constante para mostrarnos cómo todos podemos ser víctimas o victimarios del bullying y qué posibilidades hay para prevenirlo o salir bien librados | ||
| 521 | _aRecomendado para un público infantil mayor de 3 años | ||
| 545 | _aIncluye datos biográficos de la autora y del ilustrador | ||
| 650 | 0 | 7 |
_aAcoso psicológico _2LEMB _938820 |
| 650 | 0 | 4 |
_aÁlbumes infantiles colombianos _ySiglo XXI _2LEMB |
| 650 | 0 | 7 |
_aAutoestima en niños _2lemb _931081 |
| 650 | 0 | 7 |
_aRespeto por las personas _2lemb |
| 650 | 0 | 4 |
_aLiteratura infantil colombiana _ySiglo XX _2LEMB _9364 |
| 700 |
_aVarón, John _eill _965567 |
||
| 942 |
_2loc _cBKLITI _n0 |
||
| 999 |
_c59432 _d59432 |
||